[Event "Regionalliga Nord-Ost 1718"]
[Site "Bayern"]
[Date "2018.03.18"]
[Round "8.1"]
[White "Dvornic, Mladen"]
[Black "Egger, Thomas"]
[Result "1-0"]
[WhiteElo "2314"]
[BlackElo "2142"]
[PlyCount "80"]
[EventDate "2017.10.22"]
[EventType "team-tourn"]
[EventRounds "9"]
[EventCountry "GER"]
[SourceTitle "EXT 2022"]
[Source "ChessBase"]
[SourceDate "2021.10.06"]
[SourceVersion "1"]
[SourceVersionDate "2021.10.06"]
[SourceQuality "1"]
[WhiteTeam "Weiden"]
[BlackTeam "Buechenbach/Roth"]
[WhiteTeamCountry "GER"]
[BlackTeamCountry "GER"]

1. e4 e6 2. d4 d5 3. Nc3 dxe4 4. Nxe4 Bd7 5. Nf3 Bc6 6. Bd3 Nd7 7. 0-0 Be7 8. Qe2 Ngf6 9. Bf4 Nxe4 10. Bxe4 Bxe4 11. Qxe4 c6 12. c4 0-0 13. Rfd1 Re8 14. a4 Qa5 15. Ne5 Nxe5 16. Bxe5 Qb4 17. Qc2 Qa5 18. Rd3 f6 19. Rh3 g6 20. Qc1 Rf8 21. Bf4 Rad8 22. Qe3 e5 23. dxe5 Qxa4 24. Qc1 Qb4 25. Qc2 fxe5 26. Rb3 Qd6 27. Bh6 Rf7 28. Rxb7 g5 29. Bxg5 Bxg5 30. Rxf7 Kxf7 31. Qxh7+ Kf6 32. h4 Bf4 33. g3 Rd7 34. Qh8+ Kf5 35. Qh5+ Kf6 36. gxf4 Rg7+ 37. Kh1 exf4 38. Rg1 Rxg1+ 39. Kxg1 Qd2 40. Kg2 Qxb2 1-0

[Event "Regionalliga NO 1617"]
[Site "Bayern"]
[Date "2017.04.30"]
[Round "9.1"]
[White "Egger, Thomas"]
[Black "Kilgus, Georg"]
[Result "1-0"]
[WhiteElo "2163"]
[BlackElo "2397"]
[PlyCount "117"]
[EventDate "2016.10.16"]
[EventType "team-tourn"]
[EventRounds "9"]
[EventCountry "GER"]
[SourceTitle "EXT 2019"]
[Source "ChessBase"]
[SourceDate "2018.10.10"]
[SourceVersion "1"]
[SourceVersionDate "2018.10.10"]
[SourceQuality "1"]
[WhiteTeam "Buechenbach/Roth"]
[BlackTeam "Regensburg Bavaria"]
[WhiteTeamCountry "GER"]
[BlackTeamCountry "GER"]

1. Nf3 d5 2. d4 Nf6 3. g3 c5 4. Bg2 cxd4 5. Nxd4 e5 6. Nb3 Be6 7. Bg5 Nbd7 8. Nc3 Be7 9. 0-0 0-0 10. e3 e4 11. Bxf6 Nxf6 12. Nd4 Qd7 13. Nxe6 fxe6 14. Ne2 b5 15. Bh3 Rab8 16. Nf4 Rb6 17. Qe2 b4 18. Rad1 Bd8 19. c4 bxc3 20. bxc3 Qf7 21. Rb1 Re8 22. c4 g5 23. cxd5 gxf4 24. Bxe6 Rexe6 25. dxe6 Qxe6 26. exf4 Rxb1 27. Rxb1 Bb6 28. Rb5 Qc6 29. Rg5+ Kf7 30. Rf5 Ke6 31. Re5+ Kf7 32. Rf5 Ke6 33. Re5+ Kd7 34. h3 Bd4 35. Rg5 Kc8 36. Rg7 h5 37. Qd2 Qc5 38. Rg5 Qb6 39. Qc2+ Kb8 40. a4 a6 41. a5 Qb2 42. Qxb2+ Bxb2 43. g4 hxg4 44. hxg4 Kc7 45. Rg7+ Kc6 46. Ra7 Nxg4 47. Rxa6+ Kd7 48. Rg6 Nf6 49. Rg7+ Ke6 50. a6 Bd4 51. a7 Bxa7 52. Rxa7 Nd5 53. Ra4 Nc3 54. Rc4 Ne2+ 55. Kf1 Kd5 56. Kxe2 Kxc4 57. Ke3 Kd5 58. f5 Ke5 59. f6 1-0

[Event "Regionalliga NO 1617"]
[Site "Bayern"]
[Date "2017.04.02"]
[Round "8.1"]
[White "Obermeier, Edi"]
[Black "Egger, Thomas"]
[Result "1/2-1/2"]
[WhiteElo "2049"]
[BlackElo "2163"]
[PlyCount "66"]
[EventDate "2016.10.16"]
[EventType "team-tourn"]
[EventRounds "9"]
[EventCountry "GER"]
[SourceTitle "EXT 2019"]
[Source "ChessBase"]
[SourceDate "2018.10.10"]
[SourceVersion "1"]
[SourceVersionDate "2018.10.10"]
[SourceQuality "1"]
[WhiteTeam "Kareth Lappersdorf II"]
[BlackTeam "Buechenbach/Roth"]
[WhiteTeamCountry "GER"]
[BlackTeamCountry "GER"]

1. e4 c5 2. Nf3 a6 3. d4 cxd4 4. Nxd4 e5 5. Nf3 Nf6 6. Bc4 Qc7 7. Qe2 h6 8. Nc3 d6 9. h3 Be7 10. g4 g5 11. Be3 Be6 12. Nd5 Bxd5 13. exd5 Nbd7 14. Bb3 Nc5 15. Bxc5 Qxc5 16. 0-0-0 0-0-0 17. c4 Kb8 18. Kb1 Rc8 19. Nd2 Bd8 20. Bc2 Nxd5 21. Bf5 Nf4 22. Qf3 Rc7 23. Ne4 Qxc4 24. Nxd6 Qb4 25. a3 Qb6 26. Rhe1 Be7 27. Nxf7 Bxa3 28. Qxa3 Rxf7 29. Rxe5 Rd8 30. Rxd8+ Qxd8 31. Qe3 Qd1+ 32. Ka2 Qa4+ 33. Kb1 Qd1+ 1/2-1/2

[Event "Regionalliga NO 1617"]
[Site "Bayern"]
[Date "2017.02.19"]
[Round "6.1"]
[White "Mueller, Christian2222"]
[Black "Egger, Thomas"]
[Result "1/2-1/2"]
[WhiteElo "2204"]
[BlackElo "2163"]
[PlyCount "103"]
[EventDate "2016.10.16"]
[EventType "team-tourn"]
[EventRounds "9"]
[EventCountry "GER"]
[SourceTitle "EXT 2019"]
[Source "ChessBase"]
[SourceDate "2018.10.10"]
[SourceVersion "1"]
[SourceVersionDate "2018.10.10"]
[SourceQuality "1"]
[WhiteTeam "Windischeschenbach"]
[BlackTeam "Buechenbach/Roth"]
[WhiteTeamCountry "GER"]
[BlackTeamCountry "GER"]

1. d4 Nf6 2. c4 g6 3. g3 d5 4. cxd5 Nxd5 5. Bg2 Bg7 6. Nf3 0-0 7. 0-0 Nc6 8. Nc3 Nb6 9. e3 e5 10. d5 Na5 11. Nd2 Nac4 12. b3 Nxd2 13. Bxd2 Bd7 14. Rc1 f5 15. a4 Nc8 16. Nb5 Bxb5 17. axb5 Rf7 18. Bb4 Nd6 19. Qe2 Qd7 20. Bxd6 Qxd6 21. Rfd1 e4 22. Bf1 Be5 23. Rc4 Kg7 24. Ra4 h5 25. Qa2 Qb6 26. Bc4 Rf6 27. Kg2 g5 28. Qe2 Rh8 29. Ra2 g4 30. Qe1 h4 31. Qa5 hxg3 32. hxg3 Rfh6 33. Qxb6 axb6 34. Rg1 Rh2+ 35. Kf1 Kf6 36. Ra7 Ke7 37. Ra4 Kd6 38. Rg2 R2h6 39. Ra7 Kc5 40. Rg1 Kd6 41. Kg2 Rh2+ 42. Kf1 Rd8 43. Rg2 Rh6 44. Kg1 Rdh8 45. Kf1 Bc3 46. Ra4 c6 47. bxc6 bxc6 48. dxc6 Kxc6 49. Be2 Be5 50. Rg1 Rd6 51. Rc4+ Kb7 52. Rc2 1/2-1/2

[Event "Regionalliga NO 1516"]
[Site "Bayern"]
[Date "2016.02.21"]
[Round "7.1"]
[White "Kilgus, Georg"]
[Black "Egger, Thomas"]
[Result "1/2-1/2"]
[WhiteElo "2430"]
[BlackElo "2157"]
[PlyCount "144"]
[EventDate "2015.10.11"]
[EventType "team-tourn"]
[EventRounds "9"]
[EventCountry "GER"]
[SourceTitle "EXT 2018"]
[Source "ChessBase"]
[SourceDate "2017.10.13"]
[SourceVersion "1"]
[SourceVersionDate "2017.10.13"]
[SourceQuality "1"]
[WhiteTeam "Regensburg Bavaria"]
[BlackTeam "Buechenbach/Roth"]
[WhiteTeamCountry "GER"]
[BlackTeamCountry "GER"]

1. d4 d5 2. Nf3 Nf6 3. c4 c6 4. e3 e6 5. Bd3 Be7 6. 0-0 0-0 7. Nc3 Nbd7 8. Qe2 Re8 9. e4 dxe4 10. Nxe4 Nxe4 11. Bxe4 Nf8 12. Bd2 Bd6 13. Bc3 Qe7 14. Ne5 f6 15. Nd3 Bd7 16. g3 g5 17. f4 f5 18. Bg2 Ng6 19. fxg5 Qxg5 20. Rae1 Re7 21. Qe3 Qxe3+ 22. Rxe3 Rf8 23. a4 f4 24. gxf4 Nxf4 25. Nxf4 Rxf4 26. Rg3+ Rg7 27. Rxg7+ Kxg7 28. d5+ Kf7 29. Rxf4+ Bxf4 30. dxc6 Bxc6 31. Bxc6 bxc6 32. b4 a6 33. h3 Ke7 34. Kf2 Kd6 35. Kf3 Bc1 36. Ke4 Bg5 37. Bd4 Bd2 38. Bc5+ Kd7 39. Kd3 Be1 40. Ke3 Bc3 41. Kf4 Bd2+ 42. Kg4 Bc1 43. Kf3 Ba3 44. a5 Bb2 45. Kg4 Bc1 46. Kh5 Bd2 47. Bf8 Ke8 48. Bd6 Kd7 49. Bc5 Kc7 50. Kg4 Kd7 51. Kf3 Be1 52. Ke2 Bc3 53. Kd3 Be1 54. Kc2 Kc7 55. Kb3 Kb7 56. Bd6 Bd2 57. Bc5 Be1 58. Bd4 Bg3 59. Bc3 Kc8 60. b5 cxb5 61. cxb5 Kb7 62. Kc4 Bf2 63. Bb4 e5 64. bxa6+ Kxa6 65. Kd5 Bd4 66. Ke4 Kb5 67. Bd2 Kc6 68. Be3 Bxe3 69. Kxe3 Kb5 70. Ke4 Kxa5 71. Kxe5 Kb6 72. Kf6 Kc7 1/2-1/2

[Event "Regionalliga NO 1516"]
[Site "Bayern"]
[Date "2015.12.13"]
[Round "4.1"]
[White "Egger, Thomas"]
[Black "Walter, Thomas"]
[Result "1-0"]
[WhiteElo "2157"]
[BlackElo "2109"]
[PlyCount "155"]
[EventDate "2015.10.11"]
[EventType "team-tourn"]
[EventRounds "9"]
[EventCountry "GER"]
[SourceTitle "EXT 2018"]
[Source "ChessBase"]
[SourceDate "2017.10.13"]
[SourceVersion "1"]
[SourceVersionDate "2017.10.13"]
[SourceQuality "1"]
[WhiteTeam "Buechenbach/Roth"]
[BlackTeam "Erlangen SC II"]
[WhiteTeamCountry "GER"]
[BlackTeamCountry "GER"]

1. Nf3 b5 2. d4 Bb7 3. e3 a6 4. Bd3 e6 5. b3 f5 6. 0-0 Nf6 7. c4 b4 8. Bb2 Be7 9. Nbd2 0-0 10. Qc2 Qe8 11. d5 Qh5 12. e4 fxe4 13. Nxe4 Nxe4 14. Bxe4 exd5 15. cxd5 Bd6 16. h3 a5 17. Qd2 Na6 18. Nh2 Rae8 19. Bf3 Qg6 20. Rfe1 Nc5 21. Qd4 Rxe1+ 22. Rxe1 Nd3 23. Be4 Bxh2+ 24. Kxh2 Qd6+ 25. Kg1 Nxb2 26. Qxb2 g6 27. Qc2 Re8 28. Re3 Kg7 29. Qb2+ Kg8 30. Qc2 Rf8 31. Re1 Qe5 32. Rc1 Ba8 33. f3 Bxd5 34. Bxd5+ Qxd5 35. Qxc7 Qd4+ 36. Kh2 d5 37. Rc5 Qd2 38. Rxa5 Rxf3 39. Qd8+ Kg7 40. Qe7+ Rf7 41. Qe5+ Kh6 42. Rxd5 Qxa2 43. Rd4 Qf2 44. Rxb4 Rf5 45. Qd4 Qe2 46. Rb7 Qe1 47. h4 Qe6 48. Qg7+ Kh5 49. Qxh7+ Kg4 50. Rb4+ Rf4 51. Rxf4+ Kxf4 52. Qh6+ Ke4 53. Qg5 Qxb3 54. Qxg6+ Kf4 55. Qg5+ Ke4 56. h5 Qb8+ 57. Kh3 Qb3+ 58. Kh4 Qb8 59. Qg4+ Kd5 60. Qf5+ Kd4 61. g3 Qd8+ 62. Qg5 Qe8 63. h6 Qe1 64. Qf6+ Kd5 65. Qf5+ Kd6 66. h7 Qe7+ 67. Kh3 Qg7 68. Qh5 Qh8 69. Qf7 Qc8+ 70. Kh4 Qd8+ 71. Kh5 Qa5+ 72. Kh6 Qa1 73. Qf8+ Ke6 74. Qe8+ Kd6 75. h8Q Qh1+ 76. Kg7 Qa1+ 77. Kg8 Qa2+ 78. Qf7 1-0

[Event "BL2-Sued 1011"]
[Site "Germany"]
[Date "2011.04.11"]
[Round "9.3"]
[White "Zueger, Beat"]
[Black "Egger, Thomas"]
[Result "0-1"]
[WhiteElo "2409"]
[BlackElo "2216"]
[PlyCount "68"]
[EventDate "2010.10.10"]
[EventType "team-tourn"]
[EventRounds "9"]
[EventCountry "GER"]
[SourceTitle "EXT 2012"]
[Source "ChessBase"]
[SourceDate "2011.11.24"]
[SourceVersion "1"]
[SourceVersionDate "2011.11.24"]
[SourceQuality "1"]
[WhiteTeam "Schwegenheim"]
[BlackTeam "Krumbach"]
[WhiteTeamCountry "GER"]
[BlackTeamCountry "GER"]

1. c4 Nf6 2. Nc3 d5 3. cxd5 Nxd5 4. g3 Nc6 5. Bg2 Nb6 6. d3 e5 7. Bxc6+ bxc6 8. Nf3 f6 9. Be3 Be6 10. 0-0 Nd5 11. Qc1 Qd7 12. Ne4 Bg4 13. d4 Bf5 14. Nc3 e4 15. Nh4 Bh3 16. Rd1 g5 17. Ng2 h5 18. f3 exf3 19. exf3 0-0-0 20. Bf2 h4 21. Ne3 hxg3 22. Bxg3 Be6 23. Nexd5 Bxd5 24. Qe3 Bd6 25. Bxd6 Qxd6 26. Rd2 Rde8 27. Qd3 Qf4 28. Nxd5 cxd5 29. Rc1 Rxh2 30. Rxh2 Qxc1+ 31. Kg2 Qxb2+ 32. Kg3 Qb6 33. Rh6 Qd6+ 34. Kg2 Qe6 0-1

[Event "BL2-Sued 1011"]
[Site "Germany"]
[Date "2010.10.10"]
[Round "1.3"]
[White "Egger, Thomas"]
[Black "Gasthofer, Alexander"]
[Result "0-1"]
[WhiteElo "2216"]
[BlackElo "2453"]
[PlyCount "62"]
[EventDate "2010.10.10"]
[EventType "team-tourn"]
[EventRounds "9"]
[EventCountry "GER"]
[SourceTitle "EXT 2012"]
[Source "ChessBase"]
[SourceDate "2011.11.24"]
[SourceVersion "1"]
[SourceVersionDate "2011.11.24"]
[SourceQuality "1"]
[WhiteTeam "Krumbach"]
[BlackTeam "Hockenheim"]
[WhiteTeamCountry "GER"]
[BlackTeamCountry "GER"]

1. Nf3 Nf6 2. g3 b5 3. Bg2 Bb7 4. d4 e6 5. 0-0 c5 6. Bg5 cxd4 7. Nxd4 Bxg2 8. Kxg2 a6 9. Qd3 Be7 10. Nd2 0-0 11. Rfd1 Qc7 12. Ne4 Nd5 13. Bxe7 Nxe7 14. Ng5 f5 15. Qf3 Nbc6 16. Ndxe6 dxe6 17. Nxe6 Qe5 18. Nxf8 Rxf8 19. Qb3+ Kh8 20. e3 h5 21. h4 Rf6 22. f4 Qc7 23. Qd3 Qb7 24. Qd7 Qa8 25. Kf2 Ng8 26. Rd3 Nh6 27. Rad1 Kh7 28. Rd6 Ng4+ 29. Ke1 Nce5 30. fxe5 Qg2 31. R1d3 Nxe5 0-1

[Event "BL2-Sued 0910"]
[Site "Germany"]
[Date "2010.03.21"]
[Round "8.5"]
[White "Egger, Thomas"]
[Black "Grabarczyk, Bogdan"]
[Result "0-1"]
[WhiteElo "2216"]
[BlackElo "2423"]
[PlyCount "67"]
[EventDate "2009.10.18"]
[EventType "team-tourn"]
[EventRounds "9"]
[EventCountry "GER"]
[SourceTitle "EXT 2011"]
[Source "ChessBase"]
[SourceDate "2010.11.26"]
[SourceVersion "1"]
[SourceVersionDate "2010.11.26"]
[SourceQuality "1"]
[WhiteTeam "Krumbach"]
[BlackTeam "Griesheim"]
[WhiteTeamCountry "GER"]
[BlackTeamCountry "GER"]

1. Nf3 d5 2. g3 c6 3. Bg2 Bg4 4. d4 Nd7 5. 0-0 e6 6. c3 Bd6 7. Bf4 Bxf4 8. gxf4 Bxf3 9. Bxf3 Qh4 10. e3 Ne7 11. Nd2 g5 12. fxg5 0-0-0 13. Kh1 h6 14. g6 Nxg6 15. Qe2 h5 16. Bg2 Rdg8 17. f4 Nf6 18. Rae1 Ng4 19. Nf3 Qe7 20. Bh3 Nh4 21. Nxh4 Qxh4 22. Rf3 f5 23. Rg1 Rg6 24. Rfg3 Rhg8 25. Bxg4 hxg4 26. R1g2 Rh8 27. Kg1 Rgh6 28. b4 Qe7 29. Qb2 Qc7 30. Qe2 Kd7 31. Qd3 Ke7 32. Qe2 Kf6 33. Qd3 a5 34. a3 0-1

[Event "Oberliga Bayern 0809"]
[Site "Bayern"]
[Date "2009.03.29"]
[Round "9.7"]
[White "Egger, Thomas"]
[Black "Keller, Manfred"]
[Result "1/2-1/2"]
[WhiteElo "2192"]
[BlackElo "2122"]
[PlyCount "27"]
[EventDate "2008.10.05"]
[EventType "team-tourn"]
[EventRounds "9"]
[EventCountry "GER"]
[SourceTitle "EXT 2020"]
[Source "ChessBase"]
[SourceDate "2019.10.17"]
[SourceVersion "1"]
[SourceVersionDate "2019.10.17"]
[SourceQuality "1"]
[WhiteTeam "Krumbach"]
[BlackTeam "Pang/Rosenheim"]
[WhiteTeamCountry "GER"]
[BlackTeamCountry "GER"]

1. Nf3 Nf6 2. g3 g6 3. Bg2 Bg7 4. 0-0 0-0 5. c4 d5 6. d4 dxc4 7. Na3 c3 8. bxc3 c5 9. Nc4 Nc6 10. Bb2 Be6 11. Nfe5 cxd4 12. cxd4 Nxe5 13. Nxe5 Bd5 14. Bxd5 1/2-1/2

[Event "Oberliga Bayern 0809"]
[Site "Bayern"]
[Date "2009.03.15"]
[Round "8.7"]
[White "Christensen, Niels"]
[Black "Egger, Thomas"]
[Result "1/2-1/2"]
[WhiteElo "2159"]
[BlackElo "2192"]
[PlyCount "95"]
[EventDate "2008.10.05"]
[EventType "team-tourn"]
[EventRounds "9"]
[EventCountry "GER"]
[SourceTitle "EXT 2020"]
[Source "ChessBase"]
[SourceDate "2019.10.17"]
[SourceVersion "1"]
[SourceVersionDate "2019.10.17"]
[SourceQuality "1"]
[WhiteTeam "Bayern Muenchen II"]
[BlackTeam "Krumbach"]
[WhiteTeamCountry "GER"]
[BlackTeamCountry "GER"]

1. d4 Nf6 2. c4 c5 3. Nf3 cxd4 4. Nxd4 e5 5. Nb5 d5 6. cxd5 Bc5 7. e3 0-0 8. N5c3 Bf5 9. Be2 Na6 10. a3 Nc7 11. b4 Bd6 12. 0-0 e4 13. Bb2 Qe7 14. Nd2 Ncxd5 15. Nxd5 Nxd5 16. Nc4 Rfd8 17. Qd4 Nf6 18. Nxd6 Qxd6 19. Rac1 Ne8 20. Rc5 Qg6 21. Qe5 Bh3 22. Qg3 Qxg3 23. hxg3 Rd2 24. Bd4 Be6 25. Bb5 Ra2 26. Rc3 Nd6 27. Ba4 Rc8 28. Rfc1 Rxc3 29. Rxc3 Nc4 30. Bc2 Rxa3 31. Rxa3 Nxa3 32. Bxe4 b6 33. Bc6 Nc4 34. Kf1 f6 35. Ke2 Kf7 36. Kd3 Ne5+ 37. Bxe5 fxe5 38. Ke4 Kf6 39. b5 Bc4 40. f4 exf4 41. gxf4 h6 42. Kd4 Bf1 43. e4 Ke6 44. e5 a6 45. bxa6 Bxa6 46. Ke4 Bf1 47. f5+ Ke7 48. Kd4 1/2-1/2

[Event "Munich OIS op"]
[Site "Munich"]
[Date "2007.10.04"]
[Round "6"]
[White "Egger, Thomas"]
[Black "Deglmann, Ludwig"]
[Result "1/2-1/2"]
[WhiteElo "2238"]
[BlackElo "2320"]
[PlyCount "50"]
[EventDate "2007.09.29"]
[EventType "swiss"]
[EventRounds "9"]
[EventCountry "GER"]
[SourceTitle "CBM 120 Extra"]
[Source "ChessBase"]
[SourceDate "2007.11.01"]
[SourceVersion "1"]
[SourceVersionDate "2007.11.01"]
[SourceQuality "1"]

1. Nf3 g6 2. g3 Bg7 3. d4 f5 4. Bg2 Nf6 5. 0-0 0-0 6. c4 d6 7. Nc3 Qe8 8. d5 a5 9. Nd4 Na6 10. Rb1 Nc5 11. Ncb5 Qd8 12. b3 Nce4 13. Bb2 Bd7 14. Nc3 Nxc3 15. Bxc3 Qe8 16. Qd3 c5 17. Ne6 Bxe6 18. dxe6 Ne4 19. Bxg7 Kxg7 20. Bxe4 fxe4 21. Qxe4 Qc6 22. Qd3 Qc8 23. a4 Qxe6 24. e4 g5 25. f3 Qf6 1/2-1/2

[Event "Oberliga Bayern 0607"]
[Site "Bayern"]
[Date "2007.02.04"]
[Round "5.3"]
[White "Egger, Thomas"]
[Black "Panteleev, Petar"]
[Result "0-1"]
[WhiteElo "2230"]
[BlackElo "2251"]
[PlyCount "78"]
[EventDate "2006.10.15"]
[EventType "team-tourn"]
[EventRounds "9"]
[EventCountry "GER"]
[SourceTitle "EXT 2008"]
[Source "ChessBase"]
[SourceDate "2007.11.25"]
[SourceVersion "1"]
[SourceVersionDate "2007.11.25"]
[SourceQuality "1"]
[WhiteTeam "Krumbach"]
[BlackTeam "Muenchen 36"]
[WhiteTeamCountry "GER"]
[BlackTeamCountry "GER"]

1. Nf3 Nf6 2. g3 g6 3. Bg2 Bg7 4. 0-0 0-0 5. d3 d5 6. Nbd2 a5 7. e4 dxe4 8. dxe4 a4 9. a3 Nc6 10. Re1 Nd7 11. Nc4 Nc5 12. Qd5 Nd7 13. Bf4 e6 14. Qd2 b5 15. Ne3 Nde5 16. Qxd8 Rxd8 17. Bxe5 Nxe5 18. Nxe5 Bxe5 19. c3 h5 20. Rad1 Bd7 21. Rd2 Be8 22. Red1 Rxd2 23. Rxd2 g5 24. Bf3 f6 25. Be2 Kf8 26. Ng2 Ke7 27. f4 Bd6 28. f5 Bc5+ 29. Kf1 Bc6 30. fxe6 Kxe6 31. Bxh5 Bxe4 32. Re2 f5 33. Bf3 Kd5 34. Bxe4+ fxe4 35. h4 Rf8+ 36. Ke1 Rf3 37. hxg5 Rxg3 38. g6 Ke5 39. Nh4 Be7 0-1

[Event "Oberliga Bayern 0506"]
[Site "Bayern"]
[Date "2005.11.13"]
[Round "2.2"]
[White "Schmitz, Thorsten"]
[Black "Egger, Thomas"]
[Result "1-0"]
[WhiteElo "2235"]
[BlackElo "2233"]
[PlyCount "39"]
[EventDate "2005.10.23"]
[EventType "team-tourn"]
[EventRounds "9"]
[EventCountry "GER"]
[SourceTitle "EXT 2007"]
[Source "ChessBase"]
[SourceDate "2006.11.23"]
[SourceVersion "1"]
[SourceVersionDate "2006.11.23"]
[SourceQuality "1"]
[WhiteTeam "Pasing"]
[BlackTeam "Krumbach"]
[WhiteTeamCountry "GER"]
[BlackTeamCountry "GER"]

1. e4 e6 2. d4 d5 3. Nd2 dxe4 4. Nxe4 Nd7 5. Nf3 Be7 6. Bd3 Ngf6 7. Nxf6+ Nxf6 8. Qe2 Bd7 9. Ne5 0-0 10. Bg5 c6 11. 0-0-0 Be8 12. h4 Qa5 13. Ng4 Qxa2 14. Nxf6+ Bxf6 15. Bxh7+ Kxh7 16. Qh5+ Kg8 17. Bxf6 Qa1+ 18. Kd2 Qxb2 19. Qg5 Qb4+ 20. Ke3 1-0

[Event "Oberliga Bayern 0506"]
[Site "Bayern"]
[Date "2005.10.23"]
[Round "1.1"]
[White "Fedorovsky, Michael"]
[Black "Egger, Thomas"]
[Result "1-0"]
[WhiteElo "2346"]
[BlackElo "2233"]
[PlyCount "77"]
[EventDate "2005.10.23"]
[EventType "team-tourn"]
[EventRounds "9"]
[EventCountry "GER"]
[SourceTitle "EXT 2007"]
[Source "ChessBase"]
[SourceDate "2006.11.23"]
[SourceVersion "1"]
[SourceVersionDate "2006.11.23"]
[SourceQuality "1"]
[WhiteTeam "Muenchen Tarrasch"]
[BlackTeam "Krumbach"]
[WhiteTeamCountry "GER"]
[BlackTeamCountry "GER"]

1. d4 Nf6 2. c4 c5 3. d5 e5 4. Nc3 d6 5. e4 Be7 6. Be2 0-0 7. Nf3 Na6 8. 0-0 Nc7 9. a3 a5 10. Ne1 Nfe8 11. Bg4 f5 12. Bxf5 Bxf5 13. exf5 Rxf5 14. Nd3 Rf8 15. f4 exf4 16. Bxf4 Bf6 17. Qd2 Qd7 18. a4 Bd4+ 19. Kh1 Nf6 20. Ne2 Ne4 21. Qe1 Bf6 22. Ng3 Nxg3+ 23. Qxg3 Ne8 24. Rfe1 Rd8 25. Re6 Rf7 26. h3 Be7 27. Rae1 Nf6 28. Qe3 Bf8 29. b3 h6 30. Qg3 g5 31. Bd2 b6 32. Nf4 Bg7 33. Ng6 Nh5 34. Qd3 Bf6 35. Qf3 Nf4 36. Bxf4 Be5 37. Nxe5 dxe5 38. Rg6+ Kf8 39. Qh5 1-0